[Event "It (open)"]
[Site "masterchessopen.com – Balatonlelle (Hungary)"]
[Date "2001.09.06"]
[Round "5"]
[White "Csiszar Csaba (HUN)"]
[Black "Szabo Zsolt (HUN)"]
[Result "0-1"]
[WhiteElo "2370"]
[BlackElo "2367"]

1.d4 Nf6 2.Nf3 g6 3.c4 Bg7 4.Nc3 d5 5.Bf4 O-O 6.Rc1 dxc4 7.e3 Be6 8.Ng5 Bg4
9.Qa4 h6 10.Nge4 Nxe4 11.Nxe4 c6 12.Qxc4 Nd7 13.h3 Bf5 14.Nc5 e5 15.Nxd7 exf4
16.Nxf8 fxe3 17.fxe3 Qh4+ 18.Kd2 Rxf8 19.Be2 Re8 20.Rc3 Qg5 21.g4 Be6 22.h4
Qa5 23.b4 Qd8 24.Qd3 Bd5 25.Rh3 Be4 26.Qc4 Bd5 27.Qd3 Bg2 28.Rh2 Be4 29.Qc4 b5
30.Qc5 Qb8 {#R} 0-1

[Event "It (open)"]
[Site "masterchessopen.com – Fuzesabony (Hungary)"]
[Date "2001.09.08"]
[Round "3"]
[White "Kovacs Tamas (HUN)"]
[Black "Torok Sandor (HUN)"]
[Result "0-1"]
[WhiteElo "2180"]
[BlackElo "2239"]

1.d4 Nf6 2.c4 g6 3.Nc3 d5 4.Nf3 Bg7 5.Bf4 O-O 6.Rc1 c5 7.dxc5 Be6 8.e3 Nc6
9.Ne5 Qa5 10.Nxc6 bxc6 11.Qa4 Qxc5 12.b4 Qb6 13.c5 Qd8 14.Ba6 d4 15.Rd1 Nd5
16.Nxd5 Bxd5 17.O-O e5 18.Bg3 f5 19.exd4 f4 20.dxe5 fxg3 21.hxg3 Bxe5 22.Bb7
Rb8 23.Bxc6 Bxc6 24.Qxc6 Bd4 25.Qa4 Qf6 26.Rd2 Bc3 27.Rd6 Qe5 28.a3 Bd4 29.Qc2
Bxf2+ 30.Rxf2 Qe1+ 31.Kh2 Rxf2 32.Rxg6+ Kh8 33.Qc4 hxg6 34.Qd4+ Kg8 35.Qd6 Qe8
36.Qd5+ Qf7 37.Qd4 Rf8 {#R} 0-1

[Event "It (open)"]
[Site "masterchessopen.com – Albacete (Spain)"]
[Round "9"]
[White "Borges Mateos Juan (CUB)"]
[Black "Llobel Cortell Enrique (ESP)"]
[Result "1-0"]
[WhiteElo "2465"]
[BlackElo "2389"]

1.d4 Nf6 2.c4 g6 3.Nf3 Bg7 4.Nc3 d5 5.Bf4 O-O 6.Rc1 dxc4 7.e4 Bg4 8.e5 Nh5
9.Be3 c5 10.dxc5 Qxd1+ 11.Rxd1 Bxf3 12.gxf3 Bxe5 13.Bxc4 Nc6 14.O-O Rfd8
15.Ne2 Bxb2 16.Rb1 Ba3 17.Rxb7 Na5 18.Ba6 Nxb7 19.Bxb7 Bxc5 20.Bxc5 Rab8
21.Ba6 Rb2 22.a3 Rb3 23.Be3 {#r} 1-0

[Event "It (open)"]
[Site "masterchessopen.com – Andorra"]
[Round "8"]
[White "Marin Mihail (ROM)"]
[Black "Jeremic Veljko (SRB)"]
[Result "0-1"]
[WhiteElo "2566"]
[BlackElo "2466"]

1.c4 Nf6 2.Nf3 g6 3.Nc3 d5 4.d4 Bg7 5.Bf4 O-O 6.Rc1 dxc4 7.e4 c5 8.dxc5 Qa5
9.e5 Rd8 10.Bd2 Ng4 11.Bxc4 Qxc5 12.Ne4 Qb6 13.Bxf7+ Kxf7 14.Rxc8 Rxc8
15.Nfg5+ Kg8 16.Qxg4 Bh6 17.Nd6 {#R} 0-1

[Event "It (open)"]
[Site "masterchessopen.com – Andorra"]
[Round "1"]
[White "Marin Mihail (ROM)"]
[Black "Noordhoek Henk (NED)"]
[Result "1-0"]
[WhiteElo "2566"]
[BlackElo "2146"]

1.d4 Nf6 2.c4 g6 3.Nc3 d5 4.Nf3 Bg7 5.Bf4 O-O 6.Rc1 c5 7.dxc5 dxc4 8.e4 Qa5
9.e5 Ne4 10.Bxc4 Nxc5 11.O-O Ne6 12.b4 Qd8 13.Bg3 Bh6 14.Rc2 Nc6 15.Nd5 Ng7
16.Rc3 Be6 17.Rd3 Bxd5 18.Rxd5 Qc8 19.Qb3 e6 20.Rd3 Nf5 21.Rfd1 Nxg3 22.hxg3
Rd8 23.Rxd8+ Nxd8 24.b5 Qc5 25.Rd7 Rc8 26.Bf1 Kf8 27.Rd4 Qe7 28.Qd3 Qe8 29.Rd7
Kg8 30.Nh2 Bf8 31.Ng4 Bg7 32.Nf6+ Bxf6 33.exf6 e5 34.Re7 Qf8 35.Qd7 Ne6
36.Rxf7 Ng5 37.Rxf8+ {#r} 1-0

[Event "It (open) \"]
[Site "masterchessopen.com – Bratislava (Slovakia)"]
[Round "6"]
[White "Kebis Milos (SVK)"]
[Black "Certek Pavel (SVK)"]
[Result "0-1"]
[WhiteElo "2079"]
[BlackElo "2252"]

1.c4 Nf6 2.Nf3 g6 3.Nc3 Bg7 4.d4 d5 5.Bf4 O-O 6.cxd5 Nxd5 7.Nxd5 Qxd5 8.Bxc7
Bf5 9.e3 Na6 10.Bxa6 bxa6 11.O-O Rfc8 12.Bg3 Rc2 13.b3 Rac8 14.Ne1 R2c3 15.Qe2
Bd7 16.a4 Qxb3 17.Nf3 Bxa4 18.Rfe1 Bb5 19.Qd2 Rc2 20.Qa5 Qb2 21.h3 e6 22.Reb1
Qc3 23.Qxc3 R2xc3 24.Nd2 f6 25.Ne4 R3c6 26.Nd6 Rb8 27.Nxb5 Rxb5 28.Rxb5 axb5
29.Rxa7 Rb6 30.Bc7 Rc6 31.Ba5 Rc1+ 32.Kh2 Ra1 33.e4 Bf8 34.Ra8 b4 35.d5 exd5
36.exd5 b3 37.d6 Kf7 38.d7 Be7 39.d8=Q Bxd8 40.Rxd8 b2 {#R} 0-1

[Event "It (cat.2) (a)"]
[Site "masterchessopen.com – Budapest (Hungary)"]
[Round "8"]
[White "Petran Pal (HUN)"]
[Black "Boros Denes (HUN)"]
[Result "1-0"]
[WhiteElo "2378"]
[BlackElo "2289"]

1.d4 Nf6 2.Nf3 g6 3.c4 Bg7 4.Nc3 d5 5.Bf4 O-O 6.Rc1 dxc4 7.e4 b5 8.Nxb5 Nxe4
9.Bxc7 Qd7 10.Bxc4 a6 11.Na3 Nc6 12.O-O Bb7 13.d5 Nb4 14.Be5 Bh6 15.Re1 Bxc1
16.Rxe4 Qf5 17.Qxc1 Qxe4 18.Qh6 f6 19.Ng5 Qe1+ 20.Bf1 Rf7 21.Bc3 Qxc3 22.bxc3
fxg5 23.cxb4 Bxd5 24.Qxg5 Bxa2 25.Nc4 Rc8 26.Ne3 {#r} 1-0

[Event "Tournament (Elo) (b)"]
[Site "masterchessopen.com – Budapest (Hungary)"]
[Round "1"]
[White "Vargyas Zoltan (HUN)"]
[Black "Roth Josef (GER)"]
[Result "1-0"]
[WhiteElo "2151"]
[BlackElo "2147"]

1.d4 Nf6 2.c4 g6 3.Nc3 d5 4.Nf3 Bg7 5.Bf4 O-O 6.Rc1 Na6 7.cxd5 Nxd5 8.Be5 Nxc3
9.Rxc3 Bxe5 10.Nxe5 Qd5 11.e3 c5 12.Bxa6 cxd4 13.Be2 Qxe5 14.exd4 Qa5 15.Bc4
Bf5 16.O-O Rad8 17.Re1 Qb6 18.d5 Qd6 19.Bb3 Rc8 20.Rce3 Rc7 21.Qe2 Rfc8 22.h4
Kf8 23.g4 Bc2 24.Qf3 Bxb3 25.Rxb3 Rc1 26.Rxc1 Rxc1+ 27.Kg2 Rc7 28.h5 Rd7 29.h6
g5 30.Qf5 b6 31.Rd3 Rd8 32.Qxh7 Qg6 33.Qh8+ Qg8 34.Qe5 Qh7 35.Re3 f6 36.Qc7
Rd6 37.Re6 Rxe6 38.Qc8+ Kf7 39.dxe6+ Kg6 40.Qf8 {#r} 1-0

[Event "It (open)"]
[Site "masterchessopen.com – Cullera (Spain)"]
[Round "4"]
[White "Tyomkin Dimitri (CAN)"]
[Black "Llobel Cortell Enrique (ESP)"]
[Result "0-1"]
[WhiteElo "2492"]
[BlackElo "2389"]

1.d4 Nf6 2.c4 g6 3.Nc3 d5 4.Bf4 Bg7 5.Nf3 O-O 6.Rc1 dxc4 7.e4 Bg4 8.Bxc4 Nh5
9.Bg5 Bxf3 10.Qxf3 Qxd4 11.Nd5 Qe5 12.Bxe7 Re8 13.Ba3 Qxe4+ 14.Qxe4 Rxe4+
15.Ne3 c6 16.Rd1 Re8 17.O-O Nf6 18.Bb3 b5 19.Rc1 a5 20.Bd6 Ne4 21.Bxb8 Raxb8
22.Rxc6 Nd2 23.Rd1 Nxb3 24.axb3 Bxb2 25.Rd2 Bg7 26.Ra2 a4 27.bxa4 b4 28.Rc1 b3
29.Re2 b2 30.Rb1 {#R} 0-1

[Event "Ch Czech Republic (team) (juniors) 2001/02"]
[Site "masterchessopen.com – Czech Republic"]
[Round "3"]
[White "Chmelik David (CZE)"]
[Black "Borkovec Milan (CZE)"]
[Result "1-0"]
[WhiteElo "2138"]
[BlackElo "2211"]

1.d4 Nf6 2.Nf3 g6 3.c4 Bg7 4.Nc3 d5 5.Bf4 O-O 6.Rc1 dxc4 7.e3 c5 8.Bxc4 cxd4
9.Nxd4 Bd7 10.Qb3 Nc6 11.Nxc6 Bxc6 12.O-O Qa5 13.Rfd1 Rac8 14.h3 a6 15.a4 e6
16.Be2 Rfe8 17.Bf3 Bxf3 18.gxf3 Qf5 19.Kg2 Nh5 20.Bh2 Qg5+ 21.Kh1 Qh4 22.Kg2
Qg5+ 23.Kh1 Qh4 24.Kg2 b5 25.axb5 Rc5 26.Ne4 Rxb5 27.Qa4 Ra8 28.b3 Nf6 29.Bg3
Qh5 30.Nd6 Rd5 31.Qc6 Rd8 32.Qxa6 Qg5 33.Rxd5 Nxd5 34.Ne4 Qf5 35.Rc8 Bf6
36.Rxd8+ Bxd8 37.Qc8 {#r} 1-0

[Event "It (open) \"]
[Site "masterchessopen.com – Gausdal (Norway)"]
[Round "4"]
[White "Fant Goran (SWE)"]
[Black "Kahn Michel (FRA)"]
[Result "0-1"]
[WhiteElo "2023"]
[BlackElo "2123"]

1.d4 Nf6 2.Nf3 g6 3.c4 Bg7 4.Nc3 d5 5.Bf4 O-O 6.cxd5 Nxd5 7.Nxd5 Qxd5 8.Bxc7
Na6 9.Be5 f6 10.Bg3 Bf5 11.e3 Nb4 12.Rc1 Rac8 13.b3 Nc2+ 14.Rxc2 Bxc2 15.Bc4
Rxc4 16.bxc4 Qxc4 17.Qa1 Rc8 18.Nd2 Qd3 19.Nb3 Bxb3 20.axb3 Rc2 {#R} 0-1

[Event "It (open) (juniors) (under 20)"]
[Site "masterchessopen.com – Hengelo (Netherlands)"]
[Round "5"]
[White "Heltzel Joost (NED)"]
[Black "Ris Robert (NED)"]
[Result "0-1"]
[WhiteElo "2078"]
[BlackElo "2145"]

1.d4 Nf6 2.c4 g6 3.Nc3 d5 4.Nf3 Bg7 5.Bf4 O-O 6.cxd5 Nxd5 7.Nxd5 Qxd5 8.Bxc7
Nc6 9.e3 Bf5 10.Be2 Rac8 11.Bg3 Qa5+ 12.Kf1 e5 13.dxe5 Rfd8 14.Qb3 Nxe5
15.Nxe5 Bxe5 16.Bxe5 Qxe5 17.f4 Qa5 18.Kf2 Rd2 19.Rac1 Rxc1 20.Rxc1 Qa6 21.Rc4
Be6 {#R} 0-1

[Event "Ch Croatia (team) (1st league) (juniors)"]
[Site "masterchessopen.com – Pula (Croatia)"]
[Round "0"]
[White "Filipovic Marko (CRO)"]
[Black "Brajdic Danko (CRO)"]
[Result "1-0"]
[WhiteElo "2276"]
[BlackElo "2175"]

1.d4 Nf6 2.c4 g6 3.Nc3 d5 4.Nf3 Bg7 5.Bf4 O-O 6.Rc1 dxc4 7.e4 Bg4 8.Bxc4 Nh5
9.Be3 Bxf3 10.gxf3 e5 11.d5 Qf6 12.Nb5 Na6 13.O-O Nf4 14.Kh1 c5 15.Rg1 Bh6
16.Qf1 Rfc8 17.d6 b6 18.Rd1 Nb4 19.d7 Rd8 20.Nd6 Rxd7 21.Ne8 Qd8 22.Rxd7 {#r}
1-0

[Event "Ch Russia (1/2 final)"]
[Site "masterchessopen.com – Sosnovy Bor (Russia)"]
[Round "7"]
[White "Isaev Evgeniy N (RUS)"]
[Black "Voronovskij D (RUS)"]
[Result "1-0"]
[WhiteElo "2221"]
[BlackElo "2278"]

1.d4 Nf6 2.c4 g6 3.Nc3 d5 4.Nf3 Bg7 5.Bf4 O-O 6.Rc1 c5 7.dxc5 Be6 8.Nd4 Na6
9.c6 bxc6 10.Nxc6 Qd7 11.cxd5 Bf5 12.e4 Nxe4 13.Bxa6 e6 14.O-O Rfe8 15.Nxe4
Bxe4 16.dxe6 Qxe6 17.Bb7 Bxb2 18.Rc5 Ba3 19.Re5 Qf6 20.Bxa8 {#r} 1-0

[Event "Memorial A. Petrov (open)"]
[Site "masterchessopen.com – St. Petersburg (Russia)"]
[Round "4"]
[White "Riazantsev Alexander (RUS)"]
[Black "Gavrjushin Oleg (KAZ)"]
[Result "1-0"]
[WhiteElo "2538"]
[BlackElo "2407"]

1.d4 Nf6 2.c4 g6 3.Nc3 d5 4.Nf3 Bg7 5.Bf4 O-O 6.Rc1 dxc4 7.e3 c5 8.Bxc4 cxd4
9.Nxd4 Qa5 10.Nb5 Nc6 11.O-O a6 12.Nc7 Ra7 13.N7d5 b5 14.Nxf6+ Bxf6 15.Bb3 Bg7
16.Ne4 Qb6 17.Ng5 e5 18.Bg3 Rd7 19.Qg4 Re7 20.Qh4 h6 21.Ne4 g5 22.Qh5 Na5
23.Nc3 Rd7 24.h4 Nxb3 25.axb3 gxh4 26.Bxh4 b4 27.Ne4 f5 28.Rxc8 Rxc8 29.Qxf5
Qc6 30.Nf6+ Bxf6 31.Bxf6 Qd5 32.Qg6+ Kf8 33.Qxh6+ Kf7 34.Qg7+ Ke8 35.Qh8+ {#r}
1-0

[Event "Ch Georgia (juniors) (under 16)"]
[Site "masterchessopen.com – Tbilisi (Georgia)"]
[Date "2002.02.10"]
[Round "6"]
[White "Nikolishvili Zurab (GEO)"]
[Black "Sanikidze Tornike (GEO)"]
[Result "1-0"]
[WhiteElo "2154"]
[BlackElo "2168"]

1.d4 Nf6 2.c4 g6 3.Nc3 d5 4.Nf3 Bg7 5.Bf4 O-O 6.Rc1 dxc4 7.e4 b5 8.Nxb5 Nxe4
9.Bxc4 c6 10.Nc3 Nd6 11.Be2 Nf5 12.Be5 Bh6 13.Rb1 Be6 14.O-O Nd7 15.Qa4 Qe8
16.b4 Nb6 17.Qa6 Nd6 18.Bxd6 exd6 19.Rfe1 Qd8 20.Rbd1 Nd5 21.Nxd5 cxd5 22.Bb5
Qc8 23.Qxd6 Rb8 24.Bd3 Qc3 25.b5 Rfe8 26.Qc5 Qa5 27.Ne5 Bf8 28.Qc2 Bd7 29.a4
Bg4 30.f3 Qb4 31.Nc6 Rxe1+ 32.Kf2 Rxd1 33.Nxb4 Bxb4 34.Qxd1 Be6 35.Qb1 Bc3
36.f4 Bxd4+ 37.Kf3 Bc3 38.f5 Bd7 {#r} 1-0

[Event "Ch City (open)"]
[Site "masterchessopen.com – Nittenau (Germany)"]
[Date "2002.09.22"]
[Round "5"]
[White "Ursente Maria-Eugenia (ROM)"]
[Black "Pongratz Philip"]
[Result "1-0"]
[WhiteElo "1974"]
[BlackElo "1474"]

1.d4 Nf6 2.c4 g6 3.Nc3 d5 4.Nf3 Bg7 5.Bf4 O-O 6.Rc1 Bf5 7.e3 c5 8.cxd5 Nxd5
9.Nxd5 Qxd5 10.Bc4 Qd7 11.Ne5 Bxe5 12.Bxe5 cxd4 13.Bxd4 Rd8 14.O-O a6 15.Qf3
Nc6 16.Bc3 e5 17.Rfd1 Qe7 18.Bd5 Rd6 19.Qg3 Rad8 20.Bb3 Qd7 21.Rxd6 Qxd6 22.h4
Qe7 23.h5 Rd6 24.h6 g5 25.e4 Bxe4 26.Bb4 Rd1+ 27.Rxd1 Qxb4 28.Qxg5+ Bg6 29.Qf6
Qf8 30.Rd7 Nd4 31.Rd8 {#r} 1-0

[Event "It (open)"]
[Site "masterchessopen.com – Friedrichroda (Germany)"]
[Round "8"]
[White "Wichmann Cliff (GER)"]
[Black "Poetke Dan-Peter (GER)"]
[Result "1-0"]
[WhiteElo "2312"]
[BlackElo "2135"]

1.d4 Nf6 2.c4 g6 3.Nc3 d5 4.Nf3 Bg7 5.Bf4 O-O 6.Rc1 c5 7.dxc5 Qa5 8.cxd5 Ne4
9.Be5 Bxe5 10.Nxe5 Nxc5 11.Qd4 Nba6 12.e4 Rd8 13.Bc4 Bd7 14.O-O Rab8 15.a3 b5
16.b4 Qxa3 17.bxc5 bxc4 18.Nxd7 Rxd7 19.c6 Rc7 20.Ra1 Qc5 21.Qe5 Rxc6 22.Rxa6
{#r} 1-0

[Event "Spartakiada Russia (juniors)"]
[Site "masterchessopen.com – Kazan (Russia)"]
[Round "0"]
[White "Mokin Nikolai (RUS)"]
[Black "Kharitonov Egor (RUS)"]
[Result "0-1"]
[WhiteElo "2155"]
[BlackElo "2150"]

1.Nf3 Nf6 2.c4 g6 3.Nc3 d5 4.d4 Bg7 5.Bf4 O-O 6.cxd5 Nxd5 7.Nxd5 Qxd5 8.Bxc7
Nc6 9.e3 Bf5 10.a3 Rac8 11.Bg3 Rfd8 12.Rc1 Na5 13.Rc3 Rxc3 14.bxc3 Rc8 15.Qc1
Qb3 16.c4 Nxc4 17.Bxc4 Rxc4 18.Qa1 Qd3 19.Qd1 Qc3+ 20.Nd2 Bd3 21.f3 Bh6 22.f4
Qa5 23.Bh4 Bf8 24.Rf1 Rc2 25.Rf2 Qc3 {#R} 0-1

[Event "It (open)"]
[Site "masterchessopen.com – Saint Chely d'Aubrac (France)"]
[Round "3"]
[White "Verat Laurent (FRA)"]
[Black "Rubino William (FRA)"]
[Result "1-0"]
[WhiteElo "2346"]
[BlackElo "2065"]

1.d4 Nf6 2.c4 g6 3.Nc3 d5 4.Nf3 Bg7 5.Bf4 O-O 6.Rc1 c5 7.dxc5 Qa5 8.cxd5 Rd8
9.Qd2 Qxc5 10.e4 Qa5 11.e5 Nh5 12.Be3 Bg4 13.Nb5 Qxd2+ 14.Nxd2 Bxe5 15.Nc4 Bf4
16.Bxf4 Nxf4 17.Ne3 a6 18.Nc7 Rc8 19.Kd2 Ra7 20.Nxg4 b6 21.g3 Nh5 22.Nb5 {#r}
1-0

[Event "Dos Hermanas Qualifier (16-A)"]
[Site "masterchessopen.com – Internet"]
[Date "2003.03.16"]
[Round "6"]
[White "Szeberenyi Adam (HUN)"]
[Black "Olsen Anders (NOR)"]
[Result "1-0"]
[WhiteElo "2366"]
[BlackElo "2054"]

1.d4 Nf6 2.Nf3 g6 3.c4 Bg7 4.Nc3 d5 5.Bf4 O-O 6.Rc1 c5 7.dxc5 dxc4 8.Qxd8 Rxd8
9.e4 Na6 10.e5 Nd5 11.Nxd5 Rxd5 12.Be3 Nxc5 13.Bxc4 Nd3+ 14.Kd2 Rd8 15.Bxd3
Bf5 16.Rc3 b5 17.Ke2 b4 18.Rb3 {#r} 1-0

[Event "Dos Hermanas Qualifier (16-B)"]
[Site "masterchessopen.com – Internet"]
[Date "2003.03.16"]
[Round "8"]
[White "Ezat Mohamed (EGY)"]
[Black "Mussanti Diego (ARG)"]
[Result "1-0"]
[WhiteElo "2383"]
[BlackElo "2316"]

1.d4 Nf6 2.c4 g6 3.Nc3 d5 4.Nf3 Bg7 5.Bf4 O-O 6.Rc1 dxc4 7.e3 Be6 8.Ng5 Bd5
9.e4 h6 10.exd5 hxg5 11.Bxg5 Nxd5 12.Bxc4 Nb6 13.Bb3 Nc6 14.Ne2 Na5 15.Bc2 Qd5
16.h4 e5 17.dxe5 Qxe5 18.O-O Nac4 19.Rb1 Nxb2 20.Rxb2 Qxb2 21.h5 Qe5 22.f4
Qe3+ 23.Kh2 gxh5 24.Ng3 h4 25.Nf5 Qc3 26.Ne7+ {#r} 1-0

[Event "Dos Hermanas Qualifier (17-A)"]
[Site "masterchessopen.com – Internet"]
[Date "2003.03.17"]
[Round "7"]
[White "Antic Dejan (SRB)"]
[Black "Braylovsky Gregory (USA)"]
[Result "1-0"]
[WhiteElo "2488"]
[BlackElo "2327"]

1.d4 Nf6 2.Nf3 g6 3.c4 Bg7 4.Nc3 d5 5.Bf4 O-O 6.Rc1 dxc4 7.e4 Bg4 8.Bxc4 Nh5
9.Be3 e5 10.dxe5 Qxd1+ 11.Rxd1 Bxf3 12.gxf3 Bxe5 13.Kd2 Nc6 14.Kc2 a6 15.Nd5
Na5 16.Be2 c6 17.Nb6 Nf4 18.Bxf4 Bxf4 19.Nxa8 Rxa8 20.b4 {#r} 1-0

[Event "Dos Hermanas Qualifier (18-B)"]
[Site "masterchessopen.com – Internet"]
[Date "2003.03.19"]
[Round "9"]
[White "Nagle Sean (USA)"]
[Black "Mussanti Diego (ARG)"]
[Result "0-1"]
[WhiteElo "2397"]
[BlackElo "2316"]

1.d4 Nf6 2.c4 g6 3.Nc3 d5 4.Nf3 Bg7 5.Bf4 O-O 6.Rc1 dxc4 7.e4 Bg4 8.Bxc4 Nh5
9.Be3 Bxf3 10.gxf3 e5 11.dxe5 Bxe5 12.Qxd8 Rxd8 13.O-O Nc6 14.Bd5 Nd4 15.Bxd4
Bxd4 16.Rfd1 Bxc3 17.Rxc3 c6 18.Bb3 Rxd1+ 19.Bxd1 Rd8 20.Bb3 Nf4 21.h4 Ne2+
{#R} 0-1

[Event "Memorial Leonardo Di Bona"]
[Site "masterchessopen.com – Cutro (Italy)"]
[Date "2003.04.29"]
[Round "7"]
[White "Chatalbashev Boris (BUL)"]
[Black "Mrdja Milan (CRO)"]
[Result "1-0"]
[WhiteElo "2554"]
[BlackElo "2420"]

1.d4 Nf6 2.c4 g6 3.Nc3 d5 4.Nf3 Bg7 5.Bf4 O-O 6.Rc1 dxc4 7.e4 c5 8.d5 Qa5 9.e5
Ne4 10.Bxc4 b5 11.Be2 Nxc3 12.bxc3 Rd8 13.O-O Nd7 14.c4 bxc4 15.Bxc4 Nb6 16.e6
fxe6 17.Bc7 Rf8 18.Ng5 Bh6 19.h4 Bxg5 20.hxg5 Ba6 21.Qe2 Bxc4 22.Qxe6+ Rf7
23.Rxc4 Qb5 24.Rf4 Rf8 25.Re1 c4 26.d6 Qd5 27.Rxf7 {#r} 1-0

[Event "Ch Mittelfranken (HT)"]
[Site "masterchessopen.com – Lauf (Germany)"]
[Date "2004.04.06"]
[Round "1"]
[White "Koepf Reinhard (GER)"]
[Black "Breitenbach Albert"]
[Result "1-0"]
[WhiteElo "2104"]
[BlackElo "1792"]

1.d4 Nf6 2.Nf3 g6 3.c4 Bg7 4.Nc3 d5 5.Bf4 O-O 6.Qb3 dxc4 7.Qxc4 Be6 8.Qxc7
Qxc7 9.Bxc7 Na6 10.Ba5 Rac8 11.e3 Bc4 12.Bxc4 Rxc4 13.Ne5 Rcc8 14.Nd3 b6
15.Bb4 Nxb4 16.Nxb4 Rfd8 17.O-O e5 18.d5 Rc4 19.Nc6 Rxc6 20.dxc6 Rc8 21.Rac1
a6 22.Na4 b5 23.Nb6 Rc7 24.Rfd1 Kf8 25.Na8 Rc8 26.c7 {#r} 1-0

[Event "It (open)"]
[Site "masterchessopen.com – La Roda (Spain)"]
[Date "2004.04.11"]
[Round "9"]
[White "Inkiov Ventzislav (BUL)"]
[Black "Tyomkin Dimitri (CAN)"]
[Result "0-1"]
[WhiteElo "2496"]
[BlackElo "2505"]

{ Inkiov Ventzislav (BUL) +0 =1 -0 } 1.d4 { 1 } 1...Nf6 2.c4 g6 3.Nc3 d5 4.Nf3
Bg7 5.Bf4 O-O 6.Rc1 dxc4 7.e4 Bg4 8.Bxc4 { = } 8...Nh5 ( 8...Bxf3 9.Qxf3 Nc6
10.d5 Nd4 11.Qe3 e5 12.dxe6 Nxe6 13.Bxe6 fxe6 14.O-O e5 15.Bg3 c6 16.Na4 Qe7
17.Nc5 Nh5 18.Rc2 Rad8 19.Nb3 { 1/2-1/2, Marin Mihail 2566 - Krasenkow Michal
2633 , Batumi 2002 Ch Europe } ) ( 8...Nc6 9.d5 Nh5 10.Be3 Ne5 11.Be2 Nxf3+
12.gxf3 Bh3 13.f4 Nf6 14.e5 Ne8 15.Rg1 Qd7 16.Bf3 Qd8 17.Be4 f6 18.Qf3 Bc8
19.Qg3 fxe5 20.fxe5 Bf5 21.Rd1 Qc8 22.f3 c6 23.h4 Nc7 24.h5 Nxd5 25.hxg6 h6
26.Bxd5+ cxd5 27.Qh4 Qe6 28.Rxd5 { ...1-0, Radziewicz Iweta 2433 - Jaracz
Barbara 2292 , Lubniewice 2002 Ch Poland (team) } ) 9.Be3 Bxf3 10.gxf3 (
10.Qxf3 Bxd4 11.O-O Bxe3 12.Qxe3 e6 13.e5 Nc6 14.Rfd1 Qh4 15.Bb5 Ne7 16.Rd4 {
1-0, Van Elst Andreas 2276 - Gormally Daniel 2479 , France 2002 Ch France
(team) 2002 } ) 10...e5 11.dxe5 Qh4 { } ( 11...Bxe5 12.Qxd8 ( 12.Bh6 Qxd1+
13.Rxd1 Re8 14.Nd5 { } ) 12...Rxd8 13.b4 Nf4 14.Nd5 Ng2+ 15.Kf1 Nxe3+ 16.fxe3
c6 17.f4 cxd5 18.Bxd5 Nc6 19.fxe5 Nxb4 20.Bb3 Rd2 21.Rc7 Rf8 22.Rg1 Na6 23.Ke1
Rb2 24.Rc3 b6 25.e6 Rb1+ 26.Kf2 fxe6+ 27.Kg2 Rxg1+ 28.Kxg1 Nc5 29.Kg2 Kg7
30.Rc2 Kf6 31.Rf2+ { ...0-1, Lputian Smbat G 2615 - Ivanchuk Vassily 2730 ,
Elista 1998 Olympiad } ) 12.Ne2 { N } ( 12.e6 fxe6 13.Bxe6+ Kh8 14.Nd5 (
14.Qd2 Nf4 15.Bxf4 Rxf4 16.Nd5 Rxf3 17.Qe2 Rf8 18.Nxc7 Nc6 19.Rxc6 bxc6
20.Nxa8 Be5 21.Kf1 Bd4 22.f3 Rxa8 { 0-1, Tyomkin Dimitri 2390 - Wapner
Jonathan 2350 , Budapest 1997 It (cat.7) } ) 14...Nc6 15.Bg4 Nf6 16.Nxf6 Bxf6
17.Rc5 Rad8 18.Rd5 Ne5 19.Rxd8 Rxd8 20.Qe2 Bg7 21.O-O Rf8 22.h3 h5 23.f4 hxg4
24.fxe5 Rf3 25.hxg4 { 0-1, Kraidman Yair 2340 - Mikhalevski Victor 2535 ,
Israel 1997 Memorial D.Porath } ) ( 12.Bxf7+ Rxf7 13.e6 Rf8 14.Qb3 Nc6 15.e7+
Kh8 16.exf8=Q+ Rxf8 17.Kd2 Nd4 18.Bxd4 Bxd4 19.Kc2 b6 20.Kb1 Qxf2 21.Rhf1 Qxh2
22.Qa3 Ra8 23.Nd5 c5 24.Rc2 Qh3 25.Re1 Qg3 26.Rce2 Qd6 27.Rd1 Be5 28.Red2 Qf8
29.Qb3 Rb8 30.Qe3 Re8 31.Rh1 Qf7 { ...0-1, Bosboom Manuel 2430 - Finkel
Alexander 2470 , Dieren 1997 It (open) } ) 12...Nc6 13.f4 g5 { ?! } (
13...Rad8 { !? } 14.Qb3 Na5 15.Qb4 Nxc4 { } ) 14.Rg1 { ? } ( { ? } 14.e6 fxe6
15.Qb3 gxf4 16.Bc5 { } ) 14...gxf4 15.Nxf4 Nxf4 16.Rg4 Qxh2 17.Bxf4 Qh1+
18.Bf1 Rad8 19.Rxg7+ Kxg7 20.Qg4+ Kh8 21.Qf5 { ? } ( { ? } 21.Bg5 f5 22.Qh4
Qxh4 23.Bxh4 { } ) 21...f6 22.Rxc6 Rd1+ 23.Kxd1 Qxf1+ 24.Kc2 Qxf2+ 25.Bd2 { ?!
} ( 25.Kc3 { !? } 25...bxc6 26.exf6 Rb8 27.f7 { } ) 25...Qxf5 26.exf5 bxc6
27.e6 h5 28.Bf4 h4 29.Kd3 h3 30.Ke4 Kg7 31.Kf3 Rb8 32.b3 Rb5 33.Kg4 Rb4 { }
{#R} 0-1

[Event "It \"]
[Site "masterchessopen.com – Abudhabi (United Arab Emirates)"]
[Date "2004.08.20"]
[Round "6"]
[White "Mohota Nisha (IND)"]
[Black "Karavade Eesha (IND)"]
[Result "1-0"]
[WhiteElo "2286"]
[BlackElo "2307"]

1.d4 Nf6 2.c4 g6 3.Nc3 d5 4.Nf3 Bg7 5.Bf4 O-O 6.Rc1 dxc4 7.e4 c5 8.dxc5 Qa5
9.e5 Rd8 10.Bd2 Ng4 11.Bxc4 Qxc5 12.Ne4 Qb6 13.Bxf7+ Kxf7 14.Rxc8 Rxc8
15.Nfg5+ Kg8 16.Qxg4 Na6 17.Nd6 Nc5 18.Nxc8 Qa6 19.Nxe7+ Kf8 20.Qf3+ Ke8
21.Qf7+ Kd8 22.Qd5+ {#r} 1-0

[Event "It (open)"]
[Site "masterchessopen.com – Banyoles (Spain)"]
[Date "2004.08.24"]
[Round "9"]
[White "Mirzoev Azer (AZE)"]
[Black "Bofill Mas Alejandro (ESP)"]
[Result "1-0"]
[WhiteElo "2513"]
[BlackElo "2385"]

1.d4 Nf6 2.c4 g6 3.Nc3 d5 4.Nf3 Bg7 5.Bf4 O-O 6.Rc1 dxc4 7.e3 Be6 8.Ng5 Bg4
9.f3 Bc8 10.Bxc4 h6 11.Nge4 Nxe4 12.Nxe4 Nc6 13.Bg3 e5 14.d5 Ne7 15.Bf2 Nf5
16.Qc2 Bd7 17.O-O Qe7 18.Qb3 Rab8 19.Rfd1 Nd6 20.Bd3 Bf5 21.Nxd6 Bxd3 22.Rxd3
cxd6 23.e4 f5 24.exf5 gxf5 25.Bxa7 e4 26.fxe4 fxe4 27.Rg3 Qf6 28.h3 Kh8
29.Bxb8 Qf2+ 30.Kh1 Be5 31.Bxd6 {#r} 1-0

[Event "It (open)"]
[Site "masterchessopen.com – Goch (Germany)"]
[Date "2004.10.01"]
[Round "3"]
[White "Krebel Christoph (GER)"]
[Black "Faust Gottfried (GER)"]
[Result "1-0"]
[WhiteElo "2122"]
[BlackElo "1963"]

1.d4 Nf6 2.c4 g6 3.Nc3 d5 4.Nf3 Bg7 5.Bf4 O-O 6.Rc1 c5 7.dxc5 Qa5 8.cxd5 Ne4
9.Be5 f6 10.Bd4 Nxc5 11.e3 Rd8 12.Nd2 e5 13.Bxc5 Qxc5 14.Nb5 Qxd5 15.Bc4 {#r}
1-0

[Event "It (open)"]
[Site "masterchessopen.com – Lucknow (India)"]
[Date "2004.10.03"]
[Round "3"]
[White "Vakhidov Tahir (UZB)"]
[Black "Nadig Kruttika (IND)"]
[Result "1-0"]
[WhiteElo "2504"]
[BlackElo "2182"]

1.d4 Nf6 2.Nf3 g6 3.c4 Bg7 4.Nc3 d5 5.Bf4 O-O 6.Rc1 c5 7.dxc5 Qa5 8.cxd5 Qxc5
9.a3 Qa5 10.Qd2 e6 11.e4 exd5 12.exd5 Nbd7 13.Be2 Re8 14.O-O Nxd5 15.Nxd5 Qxd2
16.Nxd2 Rxe2 17.Rce1 Rxe1 18.Rxe1 Nf6 19.Nc7 Rb8 20.Ne8 Ra8 21.Nxg7 Kxg7
22.Be5 Bf5 23.g4 Rd8 24.Bc3 Rxd2 25.Bxd2 Bxg4 26.Bc3 g5 27.h4 h6 28.Re7 Kg6
29.Bxf6 {#r} 1-0